00340 a2200097 4500001001000000005001700010008004100027245009500068100002300163773005600186ART_4718420260410161850.0260409a 10aPropiedades temporales y relaciones de cointegración de variables nominales en Argentina1 aAhumada, Hildegart0 tEconómicag- Año XL, Nº 1 (ene. 1994)wREV7541